| 000 | 00536nam a2200193 i 4500 | ||
|---|---|---|---|
| 001 | 97060 | ||
| 003 | ES-MaACL | ||
| 005 | 20230906182030.0 | ||
| 007 | t| | ||
| 008 | 050706s1959 sp ||||1| baq d | ||
| 100 | 1 |
_aManuel, Joxe. _976183 |
|
| 245 | 1 | 0 |
_aIzartxo _b: (Bigarren gizaldiko eb-zarra) / _cestonba`tar Joxe Manuel. |
| 260 |
_aZarauz : _bArgitaldaria, _c1959. |
||
| 300 |
_a179 p. ; _c29 cm. |
||
| 490 | 1 | _aKuliska sorta | |
| 830 | 0 |
_aKuliska sorta _9182694 |
|
| 852 |
_aES-MaACL _jC-17149 _bR.45693 |
||
| 999 |
_c97060 _d97060 |
||